วิทยาลัยพยาบาลบรมราชชนนี ยะลา
ระบบห้องสมุดอัตโนมัติ ULIBM BCNYALA - V.6
เปลี่ยนเป็นภาษาไทย

Change to English
 แสดงรายละเอียดบรรณานุกรม
  กลับหน้าหลัก

Brief Record : Get Marc (ISO 2709) : E-mail record : QR code ปิดหน้าต่าง
อักษรและอักขรวิธีไทย Review โดย
ใช้งานได้ทุกระบบ
ห้องสมุดวพบ.ยะลา
ใช้งานได้ทุกระบบ เมื่อ10/เมษายน/2569
สารบัญ

บทที่ 1 ความเป็นมาของอักษรและอักขรวิธีไทย
บทที่ 2 อักษรและอักขรวิธีไทยสมัยสุโขทัย
บทที่ 3 อักษรและอักขรวิธีไทยสมัยอยุธยา
บทที่ 4 อักษรและอักขรวิธีไทยสมัยรัตนโกสินทร์
บทที่ 5 รูปแบบพิเศษของอักษรและอักขรวิธีไทย
บทที่ 6 อักษรและอักขรวิธีไทยสมัยปัจจุบัน

E-books : เกี่ยวกับ Collections
LEADER 00000nam 2200000uu 4500
001    3842
003     ULIBM
008    260410s2565||||th 000 0 tha d
020    ^a9789740341826
050  4 ^aPL4161^bณ119อ
100 0  ^aณฐ อังศุวิริยะ
245 10 ^aอักษรและอักขรวิธีไทย/^cณฐ อังศุวิริยะ
250    ^aพิมพ์ครั้งที่ 1
260    ^aกรุงเทพฯ :^bสำนักพิมพ์จุฬาลงกรณ์มหาวิทยาลัย,^c2565.
300    ^a173หน้า :^bภาพประกอบ;^c26 ซม.
650  7 ^aภาษาไทย ^xตัวอักษร
650  7 ^aภาษาไทย ^xตัวสะกด
650  7 ^aภาษาไทย ^xการเขียน
999    ^aฮัซวานี
รายการนี้ยังไม่มีแท็ก
คุณยังไม่ได้ล็อกอิน คุณสามารถมีกิจกรรมร่วมกับเว็บไซต์ได้ แต่ต้องล็อกอินก่อน ::
  ล็อกอิน
ลำดับที่ ประเภท เลขเรียก สถานที่ สถานะ
1. หนังสือทั่วไป
หนังสือทั่วไป
PL4161 ณ119อ 2565 ฉ.1 
  
ห้องสมุดวพบ.ยะลา
►หนังสือทั่วไปภาษาไทย
On Shelf
2. หนังสือทั่วไป
หนังสือทั่วไป
PL4161 ณ119อ 2565 ฉ.2 
  
ห้องสมุดวพบ.ยะลา
►หนังสือทั่วไปภาษาไทย
On Shelf
3. หนังสือทั่วไป
หนังสือทั่วไป
PL4161 ณ119อ 2565 ฉ.3 
  
ห้องสมุดวพบ.ยะลา
►หนังสือทั่วไปภาษาไทย
On Shelf
4. หนังสือทั่วไป
หนังสือทั่วไป
PL4161 ณ119อ 2565 ฉ.4 
  
ห้องสมุดวพบ.ยะลา
►หนังสือทั่วไปภาษาไทย
On Shelf
5. หนังสือทั่วไป
หนังสือทั่วไป
PL4161 ณ119อ 2565 ฉ.5 
  
ห้องสมุดวพบ.ยะลา
►หนังสือทั่วไปภาษาไทย
On Shelf
   [แสดง 5/5 รายการ]

BibComment


ยังไม่เคยถูกคอมเมนท์

คอมเมนท์ทรัพยากรรายการนี้
  คอมเมนท์: อักษรและอักขรวิธ..
Bib 3842

 
 
 

 Union Library Management : ULibM

ดูหนังออนไลน์

Copyright 2026. All Rights Reserved.